[Event "AUTO-INT-2125"]
[Site "http://www.queenalice.com/game.php?id=977672"]
[Date "2011.8.27"]
[Round "1"]
[White "brannach"]
[Black "roqqk38"]
[Result "1-0"]
[WhiteElo "1661"]
[BlackElo "1620"]

1. e4 e5 2. Nf3 d6 3. d4 Nf6 4. Nc3 c6 5. d5 c5 6. Bc4 Bg4 7. Qd3 a6 8. h3 Bh5
9. a4 Nbd7 10. a5 b5 11. axb6 Qc8 12. Bxa6 Qb8 13. b7 Ra7 14. Nh4 g6 15. Nb5
Nxd5 16. exd5 g5 17. Nf5 Rxa6 18. Rxa6 Qxb7 19. Ra7 Qb8 20. Nc7+ Kd8 21. Bxg5+
Kc8 22. Qa6+ Qb7 23. Qxb7# 1-0

[Event "AUTO-INT-2125"]
[Site "http://www.queenalice.com/game.php?id=977673"]
[Date "2011.8.27"]
[Round "1"]
[White "roqqk38"]
[Black "ciceroeduardo"]
[Result "1/2-1/2"]
[WhiteElo "1671"]
[BlackElo "1678"]

1. e4 e5 2. Nf3 Nc6 3. b3 Nf6 4. Bb2 Nxe4 5. Qe2 d5 6. Nxe5 Bd6 7. Nxc6 bxc6 8.
d3 O-O 9. dxe4 dxe4 10. Qxe4 Re8 11. Bd3 Rxe4+ 12. Bxe4 Qe7 13. Nc3 f5 14. f3
fxe4 15. Nxe4 Bf5 16. O-O-O Bxe4 17. fxe4 Qxe4 18. Kb1 Qxg2 19. Rhg1 Qxh2 20.
Rxg7+ Kf8 21. Rf1+ Ke8 22. Rg8+ Kd7 23. Rxa8 Qe2 24. Rf7+ Be7 25. Ba3 Qe1+ 26.
Kb2 Qe5+ 27. c3 Qe2+ 28. Kb1 Qd1+ 29. Bc1 Qd3+ 30. Ka1 Qxc3+ 31. Kb1 Qd3+ 32.
Kb2 Qe2+ 33. Kc3 Qe5+ 34. Kc2 1/2-1/2

[Event "AUTO-INT-2125"]
[Site "http://www.queenalice.com/game.php?id=977674"]
[Date "2011.8.27"]
[Round "1"]
[White "ciceroeduardo"]
[Black "roqqk38"]
[Result "1-0"]
[WhiteElo "1678"]
[BlackElo "1651"]

1. e4 e5 2. f4 exf4 3. Nf3 Qe7 4. Nc3 d5 5. d3 Nf6 6. Be2 dxe4 7. dxe4 Nxe4 8.
Nxe4 Qxe4 9. O-O Bg4 10. Bb5+ Nc6 11. Re1 Bc5+ 12. Kh1 Be3 13. Bd3 O-O-O 14.
Bxe4 Rxd1 15. Rxd1 Nb4 16. Bxe3 fxe3 17. Re1 f5 18. Bd3 f4 19. a3 Nd5 20. c4 Nf6
21. Ne5 Rd8 22. Nxg4 Nxg4 23. Bf5+ Kb8 24. Bxg4 Rd4 25. b3 g6 26. Rad1 Rd2 27.
Rxd2 exd2 28. Re8# 1-0

[Event "AUTO-INT-2125"]
[Site "http://www.queenalice.com/game.php?id=977675"]
[Date "2011.8.27"]
[Round "1"]
[White "roqqk38"]
[Black "ricardofortaleza"]
[Result "1-0"]
[WhiteElo "1676"]
[BlackElo "1403"]

1. e4 e5 2. Qh5 Nf6 3. Qxe5+ Be7 4. d3 O-O 5. Nh3 d6 6. Qd4 c5 7. Qc4 Bd7 8. Nc3
a6 9. a4 Nc6 10. Nd5 Nxd5 11. exd5 Ne5 12. Qb3 b5 13. a5 Bf5 14. f4 Ng6 15. Be3
Bh4+ 16. Nf2 b4 17. g3 Bxg3 18. hxg3 Qc8 19. O-O-O Rb8 20. c4 Re8 21. d4 cxd4
22. Bxd4 Bg4 23. Bh3 Bxh3 24. Nxh3 Qg4 25. Rdf1 Re4 26. f5 Rxd4 27. fxg6 hxg6
28. Rf4 Qe2 29. Rxd4 Re8 30. Ng5 Qg2 31. Rdh4 f6 32. Rh8# 1-0

[Event "AUTO-INT-2125"]
[Site "http://www.queenalice.com/game.php?id=977676"]
[Date "2011.8.27"]
[Round "1"]
[White "ricardofortaleza"]
[Black "roqqk38"]
[Result "1-0"]
[WhiteElo "1380"]
[BlackElo "1658"]

1. e4 e5 2. Nf3 d6 3. d3 Nc6 4. Be2 Nf6 5. O-O Nd4 6. Nxd4 exd4 7. c4 Be6 8. b4
Be7 9. c5 dxc5 10. bxc5 Bxc5 11. Ba3 b6 12. Qa4+ Bd7 13. Qc4 O-O 14. Nd2 Bg4 15.
Bf3 Bxa3 16. e5 Bxf3 17. Nxf3 Nd7 18. Qxd4 Nc5 19. Qh4 Qxd3 20. Ng5 h6 21. Rad1
hxg5 22. Rxd3 gxh4 23. Rxa3 Rfe8 24. Re3 b5 25. Rfe1 a5 26. g3 g5 27. f4 gxf4
28. gxf4 f5 29. Kf2 Kf7 30. e6+ Nxe6 31. Rb1 b4 32. Rh3 Rh8 33. Rd1 Kf6 34. a3
Nxf4 35. Rf3 Nh5 36. axb4 axb4 37. Rc1 b3 38. Rc6+ Kg5 39. Rxb3 Ra2+ 40. Ke3 f4+
41. Kf3 Rxh2 42. Rb5# 1-0

[Event "AUTO-INT-2127"]
[Site "http://www.queenalice.com/game.php?id=978165"]
[Date "2011.8.28"]
[Round "1"]
[White "ricardo100"]
[Black "roqqk38"]
[Result "0-1"]
[WhiteElo "1568"]
[BlackElo "1634"]

1. e4 e5 2. Nf3 g6 3. Bc4 d6 4. d3 h6 5. Nc3 c6 6. a3 g5 7. h3 g4 8. hxg4 Bxg4
9. Be3 b5 10. Ba2 Nd7 11. Qe2 a5 12. Nb1 a4 13. Nbd2 d5 14. exd5 cxd5 15. Bxd5
Rc8 16. c3 Qa5 17. Qf1 b4 18. cxb4 Qxd5 19. Nh4 Rc2 20. f3 Bh5 21. g4 Bg6 22.
Nxg6 fxg6 23. Rb1 Bg7 24. Nc4 h5 25. Rc1 Rxc1+ 26. Bxc1 hxg4 27. Rxh8 Bxh8 28.
fxg4 Bf6 29. Qe2 Bh4+ 30. Kd1 Qd4 31. Bd2 Ngf6 32. Bc3 Qg1+ 33. Kc2 Nxg4 34.
Bxe5 Kd8 35. Bf4 Qd4 36. Qxg4 Qf2+ 37. Bd2 g5 38. Qd4 Qxd4 0-1

[Event "AUTO-INT-2127"]
[Site "http://www.queenalice.com/game.php?id=978166"]
[Date "2011.8.28"]
[Round "1"]
[White "roqqk38"]
[Black "ricardo100"]
[Result "0-1"]
[WhiteElo "1671"]
[BlackElo "1530"]

1. e4 e5 2. Qh5 d6 3. Nf3 Nf6 4. Qh4 a6 5. g3 b6 6. Bg2 Bb7 7. d3 Be7 8. Nc3
Nxe4 9. Bg5 Nxg5 10. Qg4 Nxf3+ 11. Bxf3 Bxf3 12. Qxf3 Nd7 13. Nd5 O-O 14. O-O-O
Nf6 15. d4 Nxd5 16. dxe5 Nb4 17. Kb1 Nc6 18. Qxc6 Qc8 19. Rhe1 dxe5 20. Rxe5 Rd8
21. Rxd8+ Qxd8 22. Kc1 Bg5+ 23. f4 Bf6 24. Rd5 Qe8 25. Qxc7 Qe1+ 26. Rd1 Bxb2+
27. Kxb2 Qxd1 28. Qxb6 Qd8 29. Qc6 h6 30. g4 Qd4+ 31. Ka3 Rb8 32. g5 Qb4# 0-1

[Event "AUTO-INT-2127"]
[Site "http://www.queenalice.com/game.php?id=978181"]
[Date "2011.8.28"]
[Round "1"]
[White "roqqk38"]
[Black "juim"]
[Result "1-0"]
[WhiteElo "1648"]
[BlackElo "1636"]

1. e4 e5 2. Nf3 d6 3. Bc4 Bg4 4. O-O h6 5. d3 Nc6 6. c3 Qf6 7. d4 Bxf3 8. gxf3
exd4 9. cxd4 Nxd4 10. f4 O-O-O 11. a4 Qg6+ 12. Kh1 Qxe4+ 13. f3 Nxf3 14. Bd3 Qc6
15. Rxf3 Nf6 16. h3 Nh5 17. Bb5 Qc5 18. Be3 Qf5 19. Bxa7 b6 20. Qc1 c5 21. Bxb6
Qe4 22. Nd2 Qb7 23. Bxd8 Kxd8 24. Be2 Nxf4 25. Qe1 Nxh3 26. Qh4+ Ng5 27. Rg1 f6
28. Qh5 d5 29. Rf5 Bd6 30. Bf3 Be5 31. Nc4 Qb4 32. Nxe5 fxe5 33. Rfxg5 Rf8 34.
Rd1 Kc7 35. Rxg7+ Kb8 36. Qxe5+ Ka8 37. Bxd5+ Qb7 38. Bxb7+ Ka7 39. Qxc5+ 1-0

[Event "AUTO-INT-2127"]
[Site "http://www.queenalice.com/game.php?id=978183"]
[Date "2011.8.28"]
[Round "1"]
[White "roqqk38"]
[Black "jamba"]
[Result "1-0"]
[WhiteElo "1636"]
[BlackElo "1654"]

1. e4 c5 2. d4 cxd4 3. Qxd4 Nc6 4. Qc3 d6 5. Na3 Nf6 6. f3 Bd7 7. Bf4 Rc8 8.
O-O-O g6 9. Be3 Bg7 10. Nb5 Ne5 11. Nxd6+ exd6 12. Qb4 Qc7 13. c3 a5 14. Qa3 Nc4
15. Bxc4 Qxc4 16. Qxd6 Qxa2 17. Bg5 Qa1+ 18. Kc2 Ba4+ 19. Kd2 Qxb2+ 20. Ke3 Bxd1
21. Qxd1 Rxc3+ 22. Kf4 Nh5+ 23. Kg4 Qxg2+ 24. Kh4 Qxh1 25. Qd8# 1-0

[Event "AUTO-INT-2127"]
[Site "http://www.queenalice.com/game.php?id=978184"]
[Date "2011.8.28"]
[Round "1"]
[White "jamba"]
[Black "roqqk38"]
[Result "1-0"]
[WhiteElo "1638"]
[BlackElo "1636"]

1. d4 d5 2. e3 e6 3. a3 Nf6 4. Bd3 Nc6 5. f4 Bd6 6. Nf3 O-O 7. Ng5 h6 8. Nh3 Qe8
9. g4 a6 10. g5 Ne4 11. gxh6 gxh6 12. Qg4+ Kh8 13. Rg1 Rg8 14. Qh5 e5 15. Qxh6#
1-0

[Event "AUTO-INT-2101"]
[Site "http://www.queenalice.com/game.php?id=984737"]
[Date "2011.9.13"]
[Round "2"]
[White "PitBullLoko"]
[Black "roqqk38"]
[Result "1/2-1/2"]
[WhiteElo "1602"]
[BlackElo "1673"]

1. e4 e5 2. Nf3 Nf6 3. Nc3 Nc6 4. d4 Bb4 5. a3 Bxc3+ 6. bxc3 d6 7. Bb5 Bd7 8.
dxe5 dxe5 9. Bxc6 Bxc6 10. Bg5 Qd6 11. Qxd6 cxd6 12. Bxf6 gxf6 13. O-O-O Rd8 14.
Rhe1 Rg8 15. g3 f5 16. Nd2 f4 17. h4 f3 18. Nxf3 f6 19. c4 Rg4 20. Nd2 a5 21.
Kb2 Ba4 22. Re3 h5 23. Nb3 b6 24. Rg1 Rc8 25. f3 Rg7 26. Nd2 Rb8 27. g4 b5 28.
Kc3 Rc8 29. Rd3 Rgc7 30. Rxd6 Ke7 31. Rd5 Ke6 32. Kd3 bxc4+ 33. Ke3 Bxc2 34. Rc1
Bb3 35. Rxa5 c3 36. Nxb3 c2 37. Ra6+ Kf7 38. Rd6 Rc3+ 39. Kd2 Rxb3 40. Rxc2
Rxc2+ 41. Kxc2 Rxa3 42. Rd3 Ra2+ 43. Kd1 Rh2 44. gxh5 Rxh4 45. Ke2 Rxh5 46. Ke3
Ke6 47. Rd2 Rh3 48. Rg2 f5 49. exf5+ Kxf5 50. Rg4 Rh2 51. Re4 Rh3 52. Rg4 Rh5
1/2-1/2

[Event "AUTO-INT-2101"]
[Site "http://www.queenalice.com/game.php?id=984738"]
[Date "2011.9.13"]
[Round "2"]
[White "roqqk38"]
[Black "PitBullLoko"]
[Result "1-0"]
[WhiteElo "1681"]
[BlackElo "1615"]

1. e4 e5 2. Nf3 Nc6 3. d3 d5 4. Qe2 d4 5. a4 Bb4+ 6. Bd2 Bg4 7. c3 dxc3 8. Bxc3
Bxc3+ 9. bxc3 Nf6 10. Na3 Qd6 11. Qb2 Na5 12. Nb5 Qd7 13. d4 Nxe4 14. Rd1 a6 15.
Qc2 Bf5 16. Nxe5 Qe6 17. Nxc7+ 1-0

[Event "AUTO-INT-2101"]
[Site "http://www.queenalice.com/game.php?id=984741"]
[Date "2011.9.13"]
[Round "2"]
[White "roqqk38"]
[Black "adrb"]
[Result "0-1"]
[WhiteElo "1690"]
[BlackElo "2006"]

1. e4 c5 2. d3 Nc6 3. c3 e5 4. Na3 Nf6 5. c4 Be7 6. Nf3 O-O 7. Qa4 d6 8. Nb5 Bd7
9. Qb4 Nxb4 10. Na3 a5 11. Bd2 Nc6 12. Be2 Bg4 13. O-O Bxf3 14. Bxf3 Nd7 15. Nb5
Ndb8 16. Nc3 Bg5 17. Be1 f5 18. Nd5 Nd4 19. Ne3 Nxf3+ 20. gxf3 Rf6 21. exf5 Bxe3
22. fxe3 Rxf5 23. f4 exf4 24. exf4 Nc6 25. a3 Nd4 26. Bf2 Ne2+ 27. Kh1 Qf6 28.
Rae1 Qxb2 29. Rb1 Qxa3 30. Rfd1 Nxf4 31. Rxb7 Nxd3 32. Bg3 Nf2+ 33. Bxf2 Qf3+
34. Kg1 Qxf2+ 35. Kh1 Qf3+ 36. Kg1 Rg5# 0-1

[Event "AUTO-INT-2101"]
[Site "http://www.queenalice.com/game.php?id=984742"]
[Date "2011.9.13"]
[Round "2"]
[White "adrb"]
[Black "roqqk38"]
[Result "1-0"]
[WhiteElo "1986"]
[BlackElo "1694"]

1. e4 e5 2. Nf3 d6 3. d4 Nc6 4. d5 Nb4 5. Bc4 Nf6 6. a3 Na6 7. Nc3 Nc5 8. Bg5 h6
9. Bxf6 Qxf6 10. b4 Nd7 11. Nb5 Kd8 12. Qd2 Qg6 13. O-O Qxe4 14. Bb3 Nb6 15.
Rfe1 Qg6 16. Qc3 Nxd5 17. Bxd5 c6 18. Be4 f5 19. Nxe5 Qf6 20. Nxc6+ bxc6 21.
Qxc6 a6 22. Qc7+ Ke8 23. Bc6# 1-0

[Event "AUTO-INT-2041"]
[Site "http://www.queenalice.com/game.php?id=998277"]
[Date "2011.10.16"]
[Round "2"]
[White "roqqk38"]
[Black "daddyrat"]
[Result "0-1"]
[WhiteElo "1585"]
[BlackElo "1697"]

1. e4 e5 2. Nf3 Nc6 3. d3 h6 4. Be2 Nf6 5. O-O d6 6. Be3 d5 7. d4 a6 8. dxe5
Nxe4 9. c3 Qe7 10. Qxd5 f5 11. Nd4 Nxe5 0-1

[Event "AUTO-INT-2041"]
[Site "http://www.queenalice.com/game.php?id=998284"]
[Date "2011.10.16"]
[Round "2"]
[White "roqqk38"]
[Black "ChessColossos"]
[Result "1-0"]
[WhiteElo "1562"]
[BlackElo "1732"]

1. e4 e5 2. Nf3 Nc6 3. Bc4 h6 4. O-O Nf6 5. d3 d6 6. h3 Na5 7. b3 Nxc4 8. bxc4
c5 9. Bb2 Qb6 10. Bc3 Be7 11. Na3 Bd7 12. Rb1 Qa6 13. Nb5 Qc6 14. d4 cxd4 15.
Bd2 Qxc4 16. Rb4 Qc5 17. Qb1 Nxe4 18. c3 Nxd2 19. Nxd2 Qxc3 20. Ne4 Qc6 21. Rc1
Qxc1+ 22. Qxc1 Bxb5 23. Rxb5 O-O 24. Rxb7 Rfc8 25. Rc7 Re8 26. Qc6 Kf8 27. Nxd6
Red8 28. Nc8 Raxc8 29. Rxc8 f6 30. Rxd8+ Bxd8 31. Qd7 Bb6 32. g4 h5 33. gxh5 a5
34. Qd6+ 1-0

[Event "AUTO-INT-2041"]
[Site "http://www.queenalice.com/game.php?id=998285"]
[Date "2011.10.16"]
[Round "2"]
[White "ChessColossos"]
[Black "roqqk38"]
[Result "1-0"]
[WhiteElo "1689"]
[BlackElo "1573"]

1. e4 e5 2. f4 exf4 3. Nf3 Qe7 4. Nc3 Qe6 5. d4 d5 6. e5 Nf6 7. Be2 Nc6 8. exf6
Qxf6 9. Nxd5 Qd6 10. Nxf4 Bg4 11. c3 O-O-O 12. O-O h5 13. h3 Qh6 14. Nd3 Bd6 15.
Bxh6 Rxh6 16. hxg4 hxg4 17. Nfe5 Rf8 18. Bxg4+ f5 19. Bxf5+ Kd8 20. Nxc6+ bxc6
21. Qg4 g6 22. Qg5+ Be7 23. Qxh6 Rxf5 24. Rxf5 gxf5 25. Ne5 Ke8 26. Qh8+ Bf8 27.
Nxc6 a5 28. Re1+ Kd7 29. Qxf8 Kxc6 30. Qc5+ 1-0